Xây dựng game 2D Math Workout trên Android
Tìm hiểu hệ điều hành Android, nghiên cứu công nghệ làm game 2D.
Tallennettuna:
| Päätekijä: | |
|---|---|
| Muut tekijät: | |
| Aineistotyyppi: | Kirja |
| Kieli: | Vietnamese |
| Julkaistu: |
Đà Nẵng
Đại học Sư phạm, Đại học Đà Nẵng
2013
|
| Aiheet: | |
| Tagit: |
Lisää tagi
Ei tageja, Lisää ensimmäinen tagi!
|
| Thư viện lưu trữ: | Mạng thư viện Đại học Đà Nẵng |
|---|
| LEADER | 01666nam a2200385 4500 | ||
|---|---|---|---|
| 001 | 000018411 | ||
| 003 | 14842 | ||
| 005 | 20131114091154.0 | ||
| 008 | 131031s2013 viesd | ||
| 041 | |a vie | ||
| 082 | 1 | 4 | |a 005.268 |b PH-D |
| 100 | 1 | |a Phan Viết Dũng | |
| 245 | 1 | |a Xây dựng game 2D Math Workout trên Android |c Phan Viết Dũng ; Phạm Dương Thu Hằng hướng dẫn |k Khóa luận tốt nghiệp | |
| 260 | |a Đà Nẵng |b Đại học Sư phạm, Đại học Đà Nẵng |c 2013 | ||
| 300 | |a 85 tr. |b mh. |c 29 cm. |e Bản tóm tắt | ||
| 500 | |a Khóa luận tốt nghiệp đại học. Chuyên ngành: Cử nhân Công nghệ thông tin | ||
| 504 | |a Mục lục đầu trang, tài liệu tham khảo tr. 73 - 74, phụ lục [13 tr.] | ||
| 520 | |a Tìm hiểu hệ điều hành Android, nghiên cứu công nghệ làm game 2D. | ||
| 600 | 1 | 4 | |b Vua |c Đinh Tiên Hoàng |
| 650 | 0 | 4 | |a Game 2D |v Khóa luận tốt nghiệp |x Hệ điều hành Android |
| 650 | 0 | 4 | |a Mobile games |v Khóa luận tốt nghiệp |
| 653 | |a Khoa Tin học | ||
| 653 | |a Game 2D | ||
| 653 | |a Hệ điều hành Android | ||
| 700 | 1 | |a Phạm Dương Thu Hằng |e Hướng dẫn | |
| OWN | |a LSP | ||
| AVA | |a UDN50 |b LSP |d 005.268 PH-D |e available |t Error 5001 Not defined in file expand_doc_bib_avail. |f 1 |g 0 |h N |i 0 |k 1 | ||
| 999 | |a From the UDN01 | ||
| AVA | |a UDN50 |b LSP |d 005.268 PH-D |e available |t Error 5001 Not defined in file expand_doc_bib_avail. |f 1 |g 0 |h N |i 0 |k 1 | ||
| TYP | |a Monograph | ||
| TYP | |a Printed language | ||
| 980 | |a Mạng thư viện Đại học Đà Nẵng | ||